The heart of change field guide: (Record no. 4803)

000 -LEADER
fixed length control field 00956nam a2200265 4500
003 - CONTROL NUMBER IDENTIFIER
control field OSt
005 - DATE AND TIME OF LATEST TRANSACTION
control field 20200206082855.0
008 - FIXED-LENGTH DATA ELEMENTS--GENERAL INFORMATION
fixed length control field 060220s2005 maua i 00 eng d
020 00 - INTERNATIONAL STANDARD BOOK NUMBER
International Standard Book Number 9781591397755
-- paperback
Terms of availability RM112.00
040 ## - CATALOGING SOURCE
Original cataloging agency AKMAL
082 04 - DEWEY DECIMAL CLASSIFICATION NUMBER
Classification number 658.406 COH
Edition number 2 22
090 00 - LOCALLY ASSIGNED LC-TYPE CALL NUMBER (OCLC); LOCAL CALL NUMBER (RLIN)
Classification number (OCLC) (R) ; Classification number, CALL (RLIN) (NR) 658.406
Local cutter number (OCLC) ; Book number/undivided call number, CALL (RLIN) COH
100 1# - MAIN ENTRY--PERSONAL NAME
Personal name Cohen, Dan S.
9 (RLIN) 9154
245 14 - TITLE STATEMENT
Title The heart of change field guide:
Remainder of title tools and tactics for leading change in your organizations/
Statement of responsibility, etc. Dan S.Cohen, John P Kotter
250 00 - EDITION STATEMENT
Edition statement 5th ed
260 ## - PUBLICATION, DISTRIBUTION, ETC.
Place of publication, distribution, etc. Boston, Mass :
Name of publisher, distributor, etc. Harvard Business School Press,
Date of publication, distribution, etc. 2005
300 ## - PHYSICAL DESCRIPTION
Extent xiv, 239p. :
Other physical details colour illustrations. ;
Dimensions 24cm.
500 ## - GENERAL NOTE
General note Includes index
599 ## - LOCAL NOTE
Local Note DALAM PROSES
650 00 - SUBJECT ADDED ENTRY--TOPICAL TERM
Topical term or geographic name entry element Organizational change
9 (RLIN) 567
942 ## - ADDED ENTRY ELEMENTS (KOHA)
Source of classification or shelving scheme
Koha item type Book
Holdings
Withdrawn status Lost status Source of classification or shelving scheme Damaged status Not for loan Collection code Home library Current library Shelving location Date acquired Inventory number Total Checkouts Full call number Barcode Date last seen Price effective from Koha item type
          NON-FICTION AKMAL Melaka AKMAL Melaka PINJAMAN 06.02.2020 011261   658.406 COH 201707813 06.02.2020 06.02.2020 Book
Pusat Sumber Maklumat Dato' Haji Sarmin Md Hussin, Akademi Kastam Diraja Malaysia, Melaka
Tel: 06-2331106 | Faks: 06-2313787